| 000 | 00760cab a2200217 4500 | ||
|---|---|---|---|
| 001 | X96824 | ||
| 008 | 090401t1999 xxu||||| |||| 00| 0 eng d | ||
| 035 | _a(Sirsi) u91490 | ||
| 041 | _aeng | ||
| 245 | _aRedrow Group plc v Customs and Excise Commissioners | ||
| 260 | _c1999 | ||
| 350 | _a0 | ||
| 490 |
_aNew Property Cases _v[1999] New Property Cases 18, (2) |
||
| 520 | _aHL 11 February 1999. VAT paid on agent`s commission for selling a builder`s customer`s house, as part of the sales incentive scheme provided by builder, is deductible by the builder. (Journal Headnote) NO PHOTOCOPYING ALLOWED. | ||
| 650 | _aBUILDERS | ||
| 650 | _aESTATE AGENTS FEES | ||
| 650 | _aVALUE ADDED TAX | ||
| 690 | _aTAXATION | ||
| 942 | _n0 | ||
| 948 | _c22/02/1999 | ||
| 999 |
_c58081 _d58081 |
||